000 00649nam a2200241Ia 4500
003 OSt
005 20220926005301.0
006 a|||||r|||| 00| 0
007 ta
008 220923b |||||||| |||| 00| 0 eng d
020 _a8170462681
037 _cGeneral Book
040 _aRTL
_cRTL
_beng
041 _2eng
_aeng
082 _aX:3M24xM70:g, N7
100 _aLukacs Georg
245 0 _aLenin
_b A study in the unity of his thought
260 _a New Delhi
_bSeagull
_c1997
300 _a92p
_ccm.
650 _aSociology
942 _hX:3M24xM70:g, N7
_cGB
_2CC
999 _c613422
_d613422